College Football Matchups: Kansas - Statistics

General Stats
  • This quiz has been taken 100 times
    21 since last reset
  • The average score is 14 of 16
Answer Stats
Games Opponent Subdivision % Correct
123 Kansas State Power 4
100%
23 Baylor Power 4
95%
11 Iowa Power 4
95%
105 Iowa State Power 4
95%
121 Missouri Power 4
95%
114 Oklahoma Power 4
95%
75 Oklahoma State Power 4
95%
22 Texas Power 4
95%
26 Texas Tech Power 4
95%
117 Nebraska Power 4
89%
40 TCU Power 4
84%
11 Texas A&M Power 4
84%
71 Colorado Power 4
79%
14 West Virginia Power 4
74%
10 Tulsa Group of 5
53%
17 Drake FCS
32%
No matching quizzes found
Score Distribution
Percent of People with Each Score
Percentile by Number Answered
Your Score History
You have not taken this quiz since the last reset